| 000 | 02716nam a22002537a 4500 | ||
|---|---|---|---|
| 001 | 216223652 | ||
| 003 | UA-OsUOA | ||
| 005 | 20230418112746.0 | ||
| 008 | 230418b un ||||| |||| 00| 0 ukr d | ||
| 040 |
_aUA-OsUOA _bukr _cUA-OsUOA _dUA-OsUOA |
||
| 041 | _aukr | ||
| 080 | _a347.961.4 | ||
| 090 | _a347.961.4 | ||
| 095 |
_a12.00.03 _bцивільне право і цивільний процес; сімейне право; міжнародне приватне право |
||
| 100 | _aЖеліховська Ю. В. | ||
| 245 |
_aОхорона цивільних прав та інтересів нотаріусом _cЖеліховська Юлія Віталіївна; наук. керівник Стефанчук Руслан Олексійович |
||
| 260 |
_aКиїв _c2012 |
||
| 300 | _a19 с. | ||
| 502 |
_6Автореферат дисертації на здобуття наукового ступеня кандидата юридичних наук
_cІнститут держави і права ім. В. М. Корецького _d2012 |
||
| 520 | _aДисертацію присвячено дослідженню та обгрунтуванню ролі нотаріальних органів та нотаріуса зокрема як особливого суб’єкта відносин щодо охорони цивільних прав та охоронюваних законом інтересів фізичних та юридичних осіб у цивільному праві. Проведено аналіз та досліджено поняття «охорона» та «захист» цивільних прав та охоронюваних законом інтересів у цілому та нотаріусом зокрема. Розглянуто форми та способи охорони цивільних прав та інтересів нотаріусом. Особливу увагу приділено участі нотаріуса в охороні цивільних прав та інтересів при вчиненні нотаріальних дій. Виділено та проаналізовано основні способи нотаріальної охорони цивільних прав та інтересів учасників цивільних відносин. Сформульовано пропозиції та рекомендації щодо вдосконалення вітчизняного законодавства у сфері регулювання нотаріальної діяльності. | ||
| 650 |
_2UDC _a347 Цивільне право |
||
| 942 |
_2udc _cAR |
||
| 955 | _a1 | ||
| 999 |
_c574183 _d574183 |
||